000 01229cam a2200277Li 4500
001 pleasemakemecry00rodr
003 CaSfIA
005 20210118210806.0
007 cr||||
008 990830s1974 xxu g 000 0 eng d
040 _aZWZ
_encafnor
_bfre
_cZWZ
_dCaSfIA
020 _a0883680424
020 _a9780883680421
035 _a(OCoLC)491866486
100 1 _aRodriguez, Cookie.
245 1 0 _aPlease, make me cry! /
_h[electronic resource]
_cby Cookie Rodriguez with Betty Schonauer.
260 _aMonroeville :
_bWhitaker,
_ccop. 1974.
300 _a222 p. :
_bcouv. ill. en coul. ;
_c18 cm.
700 1 _aSchonauer, Betty.
029 0 _aZWZ
_b062417010
856 4 1 _uhttp://www.archive.org/details/pleasemakemecry00rodr
_zFree eBook from the Internet Archive
856 4 2 _uhttp://www.openlibrary.org/books/OL8181445M
_zAdditional information and access via Open Library
942 _cEB
506 _fНеобхідна авторизація на https://archive.org/ (створення облікового запису безкоштовно)
506 _fНеобхідна авторизація на https://openlibrary.org/ (створення облікового запису безкоштовно)
999 _c537305
_d537305